Homepage and splashpage

Bibliographic Details
Main Author: Danielson, Richard Karl
Format: Book
Published: Massachusetts : Rockpoint Publishers , 2000
Subjects:

MARC

LEADER 00000cam a2200000 7i4500
001 0000012247
005 20050616.0
020 |a 1564967239 
040 |a INS 
090 0 0 |a TK5105.888   |b H7521 2002 
100 1 |a Danielson, Richard Karl 
245 1 0 |a Homepage and splashpage   |c Richard Karl Danielson 
260 |a Massachusetts :   |b Rockpoint Publishers ,   |c 2000 
300 |a 96p. :   |b 28 cm 
650 0 0 |a Data processing 
650 0 0 |a Website   |x Design Computer Graphics   |y Graphic art 
999 |a 0000011825   |b BOOK   |c Open Shelf   |e Default branch